000 00554nam a2200205Ia 4500
005 20250923145912.0
008 008 250917s9999 xx 000 0 eng d
037 _aTextual
040 _aDSWL
_beng
_cDSWL
041 _aeng
_2eng
084 _aX:75.213, N93
_qDSWL
100 _aAziz, Abdul
_9840107
245 0 _aDecentralised planning
_c by Abdul Aziz
260 _aNew Delhi
_bSage Vistaar
_c1993
300 _a148p.
365 _aINR
_b195.00
925 _g195.00
942 _cTEXL
_hX:75.213, N93
999 _c1457137
_d1457137